El Cant al sol de Sant Francès d'Assís : en cinquanta llengües amb música del Mestre Pahissa / precedit d'una introducció de Joaquim Cases-Carbó en cinquanta llengües amb música del Mestre Pahissa / precedit d'una introducció de Joaquim Cases-Carbó
Descripción Física:
180 p., [3] f. despleg. : partitures ; 19 cm
MARC
| LEADER | 00000nam a2200000Ia 4500 | ||
|---|---|---|---|
| 001 | 13901 | ||
| 008 | 160829s1935 xx 000 0 cat d | ||
| 080 | |a L-1-388 | ||
| 100 | 0 | |a Francesc, |c d'Assís, sant, |d 1182-1226 |9 26661 | |
| 245 | |a El Cant al sol de Sant Francès d'Assís : |b en cinquanta llengües amb música del Mestre Pahissa / precedit d'una introducció de Joaquim Cases-Carbó | ||
| 260 | |a Barcelona : |b Llibr. Catalònia, |c 1935 | ||
| 300 | |a 180 p., [3] f. despleg. : |b partitures ; |c 19 cm | ||
| 590 | |a Avant-títol: Una poesia universal | ||
| 700 | 1 | |a Cases-Carbó, Joaquim, |d 1858-1943 |e autor del pròleg |9 24314 | |
| 700 | |a Pahissa, Jaume |9 24310 |e autor de la música | ||
| 901 | |a Arxiu | ||
| 942 | |n 1 |2 udc | ||
| 952 | |0 0 |1 0 |4 0 |6 L1388 |7 1 |9 44096 |a Arxiu |b Arxiu |d 2016-12-01 |l 0 |o L-1-388 |p 13901 |r 2016-12-01 00:00:00 |w 2016-12-01 |y ARXIU | ||
| 999 | |c 46676 |d 46676 | ||